000 00460cam a2200193ua 4500
001 9796
005 20260515114525.0
008 160903n ii |||gr||||Z||||||asm
040 _cMAIN
041 _aasm
082 _a338.5
100 _aBora, Arindam,
_eAuthor.
245 _aByastigata arthabigyan
_cBy Arindam Bora
250 _a1st ed.
260 _aGolaghat:
_bSaraswati prakashan,
_c2012.
300 _a457p.
653 _aMicroeconomics
942 _cBK
999 _c8798
_d8798